Cargando...

രോഗഭ്രാന്ത്

Detalles Bibliográficos
Autores principales: സി ആര്‍ കേരളവര്‍മ്മ, C R Kerala Varma
Formato: Printed Book
Publicado: Kozhikode; P K Brothers; 1957
Edición:1st
Materias:
LEADER 00657nam a22001817a 4500
082 |a 894.M07  |b KER/R J7 
100 |a സി ആര്‍ കേരളവര്‍മ്മ  |9 255784 
100 |a C R Kerala Varma  |9 255785 
240 |a Rogabhranth 
245 |a രോഗഭ്രാന്ത്  
250 |a 1st  
260 |a Kozhikode;  |b P K Brothers;  |c 1957 
300 |a 103p. 
650 |a മലയാളം;   |9 255786 
650 |a Malayalam; Modern Medicine  |9 255787 
942 |c BK 
999 |c 59955  |d 59955 
952 |0 0  |1 0  |4 0  |6 894_000000000000000_M07_KER_R_J7  |7 0  |8 STU  |9 71968  |a MAL  |b MAL  |d 2016-08-09  |e 4230  |l 0  |o 894.M07 KER/R J7  |p MAL004230  |r 2016-08-09  |t 1  |w 2016-08-09  |y BK